<?xml version="1.0" encoding="UTF-8"?>
<record
    xmlns:xsi="http://www.w3.org/2001/XMLSchema-instance"
    xsi:schemaLocation="http://www.loc.gov/MARC21/slim http://www.loc.gov/standards/marcxml/schema/MARC21slim.xsd"
    xmlns="http://www.loc.gov/MARC21/slim">

  <leader>00575cam a2200145 i 4500</leader>
  <datafield tag="040" ind1=" " ind2=" ">
    <subfield code="c">DLC</subfield>
  </datafield>
  <datafield tag="082" ind1="0" ind2="0">
    <subfield code="a">334 SIA 1978 A107 Or.</subfield>
  </datafield>
  <datafield tag="245" ind1="0" ind2="0">
    <subfield code="a">Group farming in Asia :</subfield>
    <subfield code="b">experiences and potentials /</subfield>
  </datafield>
  <datafield tag="260" ind1=" " ind2=" ">
    <subfield code="a">Singapore :</subfield>
    <subfield code="b">Singapore University Press,</subfield>
    <subfield code="c">c1979.</subfield>
  </datafield>
  <datafield tag="300" ind1=" " ind2=" ">
    <subfield code="a">xvi, 296 p. :</subfield>
    <subfield code="b">ill. ;</subfield>
    <subfield code="c">24 cm.</subfield>
  </datafield>
  <datafield tag="500" ind1=" " ind2=" ">
    <subfield code="a">"Based on papers presented at a conference sponsored by the Regional Research and Training Programme of the Agricultural Development Council in Singapore on 22-24 August 1977."</subfield>
  </datafield>
  <datafield tag="650" ind1=" " ind2="0">
    <subfield code="a">Agriculture, Cooperative</subfield>
  </datafield>
  <datafield tag="700" ind1="1" ind2=" ">
    <subfield code="a">Wong, John,</subfield>
  </datafield>
  <datafield tag="942" ind1=" " ind2=" ">
    <subfield code="c">EK</subfield>
  </datafield>
  <datafield tag="999" ind1=" " ind2=" ">
    <subfield code="c">16702</subfield>
    <subfield code="d">16702</subfield>
  </datafield>
  <datafield tag="952" ind1=" " ind2=" ">
    <subfield code="0">0</subfield>
    <subfield code="1">0</subfield>
    <subfield code="4">0</subfield>
    <subfield code="6">334_000000000000000_SIA_1978_A108_OR</subfield>
    <subfield code="7">0</subfield>
    <subfield code="9">71689</subfield>
    <subfield code="a">LBA</subfield>
    <subfield code="b">LBA</subfield>
    <subfield code="c">A108</subfield>
    <subfield code="d">2018-03-27</subfield>
    <subfield code="o">334 SIA 1978 A108 Or.</subfield>
    <subfield code="p">A13811</subfield>
    <subfield code="r">2018-03-27</subfield>
    <subfield code="y">EK</subfield>
  </datafield>
  <datafield tag="952" ind1=" " ind2=" ">
    <subfield code="0">0</subfield>
    <subfield code="1">0</subfield>
    <subfield code="4">0</subfield>
    <subfield code="6">334_000000000000000_SIA_1978_A108_OR</subfield>
    <subfield code="7">0</subfield>
    <subfield code="9">71692</subfield>
    <subfield code="a">LBA</subfield>
    <subfield code="b">LBA</subfield>
    <subfield code="c">A108</subfield>
    <subfield code="d">2018-03-27</subfield>
    <subfield code="o">334 SIA 1978 A108 Or.</subfield>
    <subfield code="p">A13515</subfield>
    <subfield code="r">2018-03-27</subfield>
    <subfield code="y">EK</subfield>
  </datafield>
  <datafield tag="952" ind1=" " ind2=" ">
    <subfield code="0">0</subfield>
    <subfield code="1">0</subfield>
    <subfield code="4">0</subfield>
    <subfield code="6">334_000000000000000_SIA_1978_A108_OR</subfield>
    <subfield code="7">0</subfield>
    <subfield code="9">71694</subfield>
    <subfield code="a">LBA</subfield>
    <subfield code="b">LBA</subfield>
    <subfield code="c">A108</subfield>
    <subfield code="d">2018-03-27</subfield>
    <subfield code="o">334 SIA 1978 A108 Or.</subfield>
    <subfield code="p">A13572</subfield>
    <subfield code="r">2018-03-27</subfield>
    <subfield code="y">EK</subfield>
  </datafield>
</record>
